000
00269nam a2200097Ia 4500
005
20251222114355.0
008
251222s1900||||xx |||||||||||||| ||spa||
082
_a
DVD0070/P27/2008/Ej.2
245
0
_a
I Demoni di San Pietroburgo:Los demonios de San Petersburgo
942
_c
DVD
999
_c
1411
_d
1411